00577cam a22001931 4500001001300000003000400013005001700017008004100034010002300075025001900098043001200117050002000129110007000149245004500219260002000264300004200284651004000326999001700366sa 68001178 DLC20260227112431.0710903s1960 ii b s 00000 eng  asa 68001178 //r852 aPL480:I-E-2371 aa-ii---0 aHA1728.M14bA3810aMadhya Pradesh (India).bDirectorate of Economics and Statistics.10aRegional income atlas of Madhya Pradesh.1 aBhopal,c[1960] a114 p.bmaps (part col.)c27 x 34 cm. 0aMadhya Pradesh (India)xStatistics. c77773d77773